| Registos Bibliográficos associados ao registo de autoridade |
|
Etiqueta de registo: 00254nas 2200025 450 001 2005785 003 http://id.bnportugal.gov.pt/bib/catbnp/2005785 011 ## $a2184-3945 100 ## $a20181119a20189999m y0pory01030103ba 101 0# $apor 102 ## $aPT 106 ## $as 110 ## $aakazz 0uu0 135 ## $avrcu ---uuuuu 200 1# $aInternational Conference on Mathematical Applications$fed. Institute of Knowledge and Development$gdir. Fernado Morgado Dias, Filipe Quintal 207 #0 $aNº 1 (nov. 2018)- 210 #9 $aCaniço$cInstitute of Knowledge and Development,$d2018 326 ## $aAnual 530 0# $aInternational Conference on Mathematical Applications 620 ## $dCaniço 675 ## $a51(051)(0.034)$vBN$zpor$31475986 702 #1 $aDias,$bFernando Morgado$4300$31732385 702 #1 $aQuintal,$bFilipe Magno Gouveia$4300$31654645 712 02 $aInstitute of Knowledge and Development$4650$31732386 801 #0 $aPT$bBN$gRPC 802 ## $a18 856 40 $uhttps://iknowd.org/publications$xOA-C 995 ## $aR-ISSN $d20181119$iiquintas
Etiqueta de registo: 00254nas 2200025 450 001 2005782 003 http://id.bnportugal.gov.pt/bib/catbnp/2005782 011 ## $a2184-3937 100 ## $a20181119a20189999m y0pory01030103ba 101 0# $apor 102 ## $aPT 106 ## $as 110 ## $aakazz 0uu0 135 ## $avrcu ---uuuuu 200 1# $aInternational Conference on Applied Psychology and Human Behavior$fed. Institute of Knowledge and Development$gdir. Fernado Morgado Dias, Filipe Quintal 207 #0 $aNº 1 (nov. 2018)- 210 #9 $aCaniço$cInstitute of Knowledge and Development,$d2018 326 ## $aAnual 530 0# $aInternational Conference on Applied Psychology and Human Behavior 620 ## $dCaniço 675 ## $a159.9(05)(0.034)$vBN$zpor$31606267 702 #1 $aDias,$bFernando Morgado$4300$31732385 702 #1 $aQuintal,$bFilipe Magno Gouveia$4300$31654645 712 02 $aInstitute of Knowledge and Development$4650$31732386 801 #0 $aPT$bBN$gRPC 802 ## $a18 856 40 $uhttps://iknowd.org/publications?pageno=3$xOA-C 995 ## $aR-ISSN $d20181119$iiquintas
Etiqueta de registo: 00254nam 2200025 450 001 2287938 003 http://id.bnportugal.gov.pt/bib/catbnp/2287938 100 ## $a20260616d2025 k y0pory01030103ba 101 0# $aeng$dpor 102 ## $aPT 105 ## $aa m 000yy 106 ## $ar 200 1# $aApproaches for banana harvesting automation$fPreety Baglat$gorient. Fernando Morgado-Dias, Fábio Mendonça, Sheikh Shanawaz Mostafa 210 #9 $aFunchal$c[s.n.],$d2025 215 ## $aXVII, 163 p.$cil.$d30 cm 328 #1 $aTese doutoramento Engenharia Informática (Inteligência Artificial), Universidade da
Madeira, 2025 700 #1 $aBaglat,$bPreety $32000668 702 #1 $aDias,$bFernando Morgado$4727$31732385 702 #1 $aMendonça,$bFábio Rúben Silva$4727$31824755 702 #1 $aMostafa,$bSheikh Shanawaz$4727$31809805 801 #0 $aPT$bBN$gRPC 966 ## $lBN$mFGMON$x1 971 ## $cjbeatriz$d20260616
|
|
|